Urban and regional planning (Record no. 449)

000 -LEADER
fixed length control field 00523nam a2200205 a 4500
001 - CONTROL NUMBER
control field 449
003 - CONTROL NUMBER IDENTIFIER
control field BD-DhUET
008 - FIXED-LENGTH DATA ELEMENTS--GENERAL INFORMATION
fixed length control field 020521s2002 enkab b 001 0 eng
020 ## - INTERNATIONAL STANDARD BOOK NUMBER
International Standard Book Number 0415217768
040 ## - CATALOGING SOURCE
Original cataloging agency DLC
Transcribing agency DLC
Modifying agency BD-DhUET
082 00 - DEWEY DECIMAL CLASSIFICATION NUMBER
Classification number 711.4
Item number HAL/2002
100 1# - MAIN ENTRY--PERSONAL NAME
Personal name Hall, Peter,
245 10 - TITLE STATEMENT
Title Urban and regional planning
Statement of responsibility, etc. by Peter Hall.
250 ## - EDITION STATEMENT
Edition statement 4th ed.
260 ## - PUBLICATION, DISTRIBUTION, ETC. (IMPRINT)
Place of publication, distribution, etc. London ;
-- New York :
Name of publisher, distributor, etc. Routledge,
Date of publication, distribution, etc. 2002.
300 ## - PHYSICAL DESCRIPTION
Extent 237 p. :
504 ## - BIBLIOGRAPHY, ETC. NOTE
Bibliography, etc Includes bibliographies
650 #0 - SUBJECT ADDED ENTRY--TOPICAL TERM
Topical term or geographic name as entry element City planning-Art
942 ## - ADDED ENTRY ELEMENTS (KOHA)
Koha item type General Book
Holdings
Price effective from Koha full call number Sublocation or collection (holding branch) Withdrawn status Not for loan Damaged status Shelving location Piece designation (barcode) Koha normalized classification for sorting Source of classification or shelving scheme Date acquired Location (home branch) Copy number Koha item type Lost status Koha date last seen
2014-07-21711.4/HAL/2002Central Library, BUET   Cataloging section98413711_000000000000000_4HAL2002 2014-07-21Central Library, BUET1General Book 2014-07-21
2014-09-28711.4/HAL/2002Central Library, BUET   Circulation section98412711_000000000000000_4HAL2002 2014-09-28Central Library, BUET2General Book 2018-04-30